Процесс о поджоге рейхстага и Георгий Димитров: документы; в 3 томах

Dades bibliogràfiques
Autor corporatiu: Институт марксизма-ленинизма при ЦК КПСС
Idioma:rus
Publicat: Москва, Изд-во политической лит-ры, 1981-
Format: MixedMaterials Llibre
KOHA link:https://koha.lib.tpu.ru/cgi-bin/koha/opac-detail.pl?biblionumber=151092

MARC

LEADER 00000nam1a2200000 4500
001 151092
005 20231031150358.0
035 |a (RuTPU)RU\TPU\book\163826 
090 |a 151092 
100 |a 20090119d km y0rusy50 ca 
101 0 |a rus 
102 |a RU 
200 1 |a Процесс о поджоге рейхстага и Георгий Димитров  |e документы  |e в 3 томах  |f Институт марксизма-ленинизма при ЦК КПСС 
210 |a Москва  |c Изд-во политической лит-ры  |d 1981-  
712 0 2 |a Институт марксизма-ленинизма при ЦК КПСС  |2 stltpush  |3 (RuTPU)RU\TPU\col\4702 
801 1 |a RU  |b 63413507  |c 20090119  |g PSBO 
801 2 |a RU  |b 63413507  |c 20090119  |g PSBO 
942 |c BK